000 00965cam a22002775a 4500
001 12482007
005 20201128024143.0
008 010725r2001 enka frb f001 0 eng d
020 _a0192854585
020 _a9780192854582
040 _aUKM
_cUKM
_dDLC
_dEG-ScBUE
_beng
082 0 4 _222
_a150.1954092
_bSTE
100 1 _aStevens, Anthony.
_9904
245 1 0 _aJung :
_ba very short introduction /
_cAnthony Stevens.
260 _aOxford ;
_aNew York :
_bOxford University Press,
_c2001.
300 _a175 p. :
_bill. ;
_c18 cm.
490 0 _aVery short introductions ;
_v40.
500 _aOriginally published: Oxford ; New York : Oxford Univrersity Press, 1994, in series : Past masters.
504 _aIncludes bibliographical references and index.
600 1 0 _aJung, C. G.
_q(Carl Gustav),
_d1875-1961.
650 7 _aJungian psychology.
_2BUEsh
650 7 _aPsychoanalysis.
_2BUEsh
_9757
651 _2BUEsh
653 _bHHUUPPSS
_cApril2017
942 _2ddc
999 _c24718
_d24690